Datum a čas kvízu

30 Celkem bodů Celkový počet nahraných bodů na tomto kvízu bez doplňovacích otázek.
9. Pořadí na kvízu Konečné umístění týmu na tomto kvízu.

Zaznamenané odpovědi

# Otázka Odpověď Body Výsledky
1. Který netradiční protest předv... chodili k pultu pozadu 1
2. Na co je podle šéfky pro zahra... A 1
3. Jakub Hrůša získal minulý týde... dirigent (hudební ředitel) 1
4. První vydání jistého komiksu b... Superman 1
5. Česká republika získala zásluh... krasobruslení 1
6. Vaším úkolem v tématu bude odh... červená, žlutá 0
7. Teď se podíváme na domácí fotb... čtyři 0
8. Pojďme na hokej. Olomoucký koh... červenou 1
9. Na základě zobrazených barev l... Los Angeles Lakers 1
10. Které americké město oslavuje... Pittsburgh 0